National Football Team Captains - Statistics

General Stats
  • This quiz has been taken 521 times
  • The average score is 27 of 49
Answer Stats
Answer % Correct
Harry Kane
97%
Lionel Messi
97%
Cristiano Ronaldo
95%
Virgil Van Dijk
95%
Hugo Lloris
93%
Luka Modric
92%
Thiago Silva
90%
Manuel Neuer
88%
Gareth Bale
86%
Granit Xhaka
86%
Heung Min Son
84%
Robert Lewandowski
84%
Mohamed Salah
83%
Giorgio Chiellini
81%
Sergio Busquets
80%
Andy Robertson
78%
Keylor Navas
78%
Riyad Mahrez
76%
Martin Odegaard
75%
Simon Kjaer
74%
Kalidou Koulibaly
70%
Victor Lindelof
69%
Dusan Tadic
64%
Jan Vertonghen
63%
Tomas Soucek
54%
Aleksandr Golovin
52%
Eric Maxim Choupo-Moting
50%
Seamus Coleman
50%
Enner Valencia
47%
David Ospina
46%
Diego Godin
46%
Burak Yilmaz
42%
Roman Saiss
37%
Andres Guardado
35%
Marek Hamsik
33%
Maty Ryan
33%
Claudio Bravo
32%
Wahbi Khazri
29%
Atiba Hutchinson
28%
Maya Yoshida
22%
Adam Szalai
17%
Julian Baumgartlinger
16%
William Troost-Ekong
15%
Andriy Pyatov
13%
Vlad Chiriches
10%
Paulo Guerrero
9%
Gustavo Gomez
5%
Ehsan Hajsafi
4%
Salman Al-Faraj
4%
No matching quizzes found
Score Distribution
Percent of People with Each Score
Percentile by Number Answered
Your Score History
You have not taken this quiz